000 01589nam2a22002771 4500
001 RU\NLR\INFOCOMM31\1000093577
005 20040630120203.0
035 _a(NLR Aleph) 002615855
090 _a3571709
_c3571709
100 _a20040630d1986 |||y0rusy50 ca
101 0 _arus
102 _aRU
105 _ay |||||||||
200 1 _aПроизводство яблочного уксуса за рубежом
_fЛ.Т. Ермачкова, В.В. Жирова
210 _d1986
300 _aУказатель за 1986 г.
461 0 _1001RU\NLR\INFOCOMM31\1000093492
_12001#$aПищевая и перерабатывающая промышленность$eОбзор. информ.$hСерия 15$iВинодельческая промышленность$fРос. акад. с.-х. наук. НИИ информ. и техн.-экон. исслед. пищ. пром.-сти. (АгроНИИТЭИПП)$v1986, Вып.12
_93570990
_cМ.
_d1979-
_fРос. акад. с.-х. наук. НИИ информ. и техн.-экон. исслед. пищ. пром.-сти. (АгроНИИТЭИПП)
_hСерия 15
_iВинодельческая промышленность
_nАгроНИИТЭИПП
_oОбзор. информ.
_tПищевая и перерабатывающая промышленность
_x0208-3612
_v1986, Вып.12
700 1 _aЕрмачкова
_bЛ. Т.
_4070
701 1 _aЖирова
_bВ. В.
_4070
801 0 _aRU
_bNLR
_gPSBO
801 1 _aRU
_bInfoComm
_c20040630
852 _aNLR
_jП10/5604
942 _cISSUE
980 _aNB
980 _aRUSPER